| 000 | 00000nam##2200000za#4500 |
| 001 | 9.697225 |
| 003 | CaOODSP |
| 005 | 20220125145842 |
| 007 | cr ||||||||||| |
| 008 | 150407|1962||||xxc|||||o f|0| 0 eng|d |
| 040 | |aCaOODSP|beng |
| 043 | |an-cn--- |
| 086 | 1 |aD61-32/1-1962E-PDF |
| 110 | 1 |aCanada. |bDepartment of National Defence. |
| 245 | 14|aThe Naval Service of Canada - its official history. Volume I : |h[electronic resource]|borigins and early years / |cby Gilbert Norman Tucker. |
| 260 | |aOttawa - Ontario : |bNational Defence |c1962. |
| 300 | |a473p.|bgraphs, maps, references |
| 590 | |a13-03-Supp|b2013-02-11 |
| 690 | 07|aMilitary history|2gcpds |
| 690 | 07|aArmed forces|2gcpds |
| 856 | 40|ahttp://publications.gc.ca|qPDF|s11.92 MB|uhttps://publications.gc.ca/collections/collection_2013/dn-nd/D61-32-1-1962-eng.pdf |